『人狼RPG』のアイテム - Statistics

General Stats
  • This quiz has been taken 22 times
  • The average score is 8 of 15
Answer Stats
アイテム名 ビジュアル % Correct
ステーキ ステーキ
81%
エメラルド エメラルド
75%
75%
75%
透明化のポーション 透明化のポーション
75%
スタングレネード 雪玉
75%
人狼の斧 石の斧
75%
占い師の心 海洋の心
56%
騎士の加護 金の馬鎧
50%
共犯者の目 エンドクリスタル
50%
聖なる十字架 ネザースター
50%
怨念の槍 トライデント
31%
プロビデンス・アイ エンダーアイ
25%
天啓の呪符
25%
霊媒師の蝋燭 ろうそく
19%
No matching quizzes found
Score Distribution
Percent of People with Each Score
Percentile by Number Answered
Your Score History
You have not taken this quiz